| 000 | 01077nam a2200349Ia 4500 | ||
|---|---|---|---|
| 003 | OSt | ||
| 005 | 20260123165550.0 | ||
| 008 | 210716s2018 xx 000 0 und d | ||
| 020 | _a9788126577064 | ||
| 040 | _cAIMIT LIBRARY | ||
| 041 | _aeng | ||
| 082 |
_a658.312404 _bALIS |
||
| 100 |
_aAlidina, Shamash _9252488 |
||
| 245 |
_aIncreasing your influence at work: all in one for dummies. _cBy Shamash Alidina...[et.al]. |
||
| 250 | _a1st ed. | ||
| 260 |
_aNew Delhi : _bWiley India Pvt Ltd , _c2018. |
||
| 300 |
_axvii,570p. _bPB _c23 cm. |
||
| 650 |
_aHRM _9252489 |
||
| 650 |
_aBody Talk _9252490 |
||
| 700 |
_aAdams, Juliet. _9252491 |
||
| 700 |
_aGamb, Maria. _9252492 |
||
| 700 |
_aKelleher, Bob. _9252493 |
||
| 700 |
_aKuhnke, Elizabeth. _9252494 |
||
| 700 |
_aScott, Vivian. _9252495 |
||
| 700 |
_aSchlachter, Christina Tangora. _9252496 |
||
| 700 |
_aTaylor, Marie. _9252497 |
||
| 700 |
_aCrabb, Steve. _9252498 |
||
| 700 |
_aUbi, Hannah L. _9252499 |
||
| 700 |
_aWalden, Lisa X. _9252500 |
||
| 700 |
_aArbit, Debra. _9252501 |
||
| 942 |
_2ddc _cBK _e1st ed. |
||
| 999 |
_c197224 _d197224 |
||